Abracadabra - Lady Gaga - All Lyrics - Statistics

General Stats
  • This quiz has been taken 567 times
  • The average score is 203 of 270
Answer Stats
Answer % Correct
a
100%
abra-oo-na-na
100%
Abracadabra,
97%
abracadabra
97%
amor-oo-na-na
95%
morta-oo-ga-ga
95%
Ah,
94%
ah,
94%
ah
94%
the
94%
to
92%
in
90%
In
90%
You
90%
your
86%
on
85%
me
83%
tonight
83%
tonight"
83%
said
79%
said,
79%
hear
78%
of
77%
lady
76%
Feel
75%
love
75%
by
74%
red
74%
Hold
73%
life
73%
Like
73%
or
72%
she
72%
dance,
71%
dance
71%
fire
70%
night
68%
beat
67%
dark
67%
"Death
67%
floor,
67%
it
67%
poem
66%
feet,
65%
from
65%
last
65%
moonlight
65%
under
65%
angels
64%
Pay
64%
this
64%
game
63%
her
63%
Save
63%
empty
62%
words
62%
no
61%
few
60%
devil
59%
magic
59%
trance
59%
you're
59%
floor's
58%
spell
57%
tongue
57%
both
56%
distance
56%
With
56%
It's
55%
time
55%
When
55%
circles
54%
haunting
54%
Keep
53%
now
53%
side
53%
toll
53%
cast
52%
mind
52%
watch
52%
burn
51%
heart
51%
clouds
50%
west
50%
fight
47%
around
45%
As
45%
Drawin'
45%
for
45%
come
44%
Don't
44%
melody
43%
feelin'
42%
Choose
40%
dust
39%
return
39%
Sing
39%
turns
39%
flies,
38%
road
36%
sinful
36%
waste
36%
passion,
34%
Phantom
33%
Use
27%
No matching quizzes found
Score Distribution
Percent of People with Each Score
Percentile by Number Answered
Your Score History
You have not taken this quiz